000 00575nam a2200193Ia 4500
003 OSt
005 20240509164341.0
008 210210b2003 xxu||||| |||| 00| 0 eng d
040 _cAL
041 _aKannada
082 _aK894.9 RAJA
100 _aRAJENDRA CHENNI.
_dರಾಜೇಂದ್ರ ಚೆನ್ನಿ
_9164005
245 _aAmoortate mattu parisara.
_bಅಮೂರ್ತತೆ ಮತ್ತು ಪರಿಸರ
260 _aBengaluru
_bAbhinava Prakashana
_c2003
300 _a264
690 _aKannada Criticism
_9164006
906 _aSG04084
942 _2ddc
_cBK
999 _c114995
_d114995